| 000 | 00419nam a2200169Ia 4500 | ||
|---|---|---|---|
| 008 | 221030s9999 xx 000 0 und d | ||
| 020 | _a8125911626 | ||
| 041 | _aEnglish | ||
| 082 | _a105.23 | ||
| 100 | _aP. K. Sahu | ||
| 245 | 0 |
_aSalesmanship & Sales Management _cby P. K. Sahu, K. C. Raut |
|
| 260 |
_bVikas Pub. _aNew Delhi _c2009 |
||
| 300 | _a322 | ||
| 650 | _aManagement | ||
| 700 | _aK. C. Raut | ||
| 942 | _cBK | ||
| 999 |
_c9188 _d9188 |
||